| 000 | 03008nam a22003737a 4500 | ||
|---|---|---|---|
| 001 | 105963 | ||
| 003 | KnowledgeUnlatched | ||
| 005 | 20210303104935.0 | ||
| 006 | m o d | ||
| 007 | cr u|||||||||| | ||
| 008 | 210129p20202020xx o u00| u ger d | ||
| 037 | _5BiblioBoard | ||
| 245 | 0 | 0 |
_aMenschen im Aufbruch _bUniversitätsbibliothek und Archiv der Universität Wien im Selbstverständnis ihrer Mitarbeiter_innen / _cStefan Alker-Windbichler, Claudia Feigl. |
| 020 | _a9783737010986 | ||
| 024 | 8 | _ahttps://doi.org/10.14220/9783737010986 | |
| 029 | 1 | _ahttps://library.biblioboard.com/ext/api/media/2cc0a1ed-f684-4cb0-a849-4513fad627a7/assets/thumbnail.jpg | |
| 040 |
_aScCtBLL _cScCtBLL |
||
| 506 | 0 |
_aAccess copy available to the general public. _fUnrestricted _2star |
|
| 700 | 1 |
_aAlker-Windbichler, Stefan _eeditor. |
|
| 700 | 1 |
_aFeigl, Claudia _eeditor. |
|
| 264 | 1 | _bVandenhoeck & Ruprecht, | |
| 300 | _a1 online resource (1 p.) | ||
| 520 | _aDie Universitätsbibliothek Wien ist der Dreh- und Angelpunkt wissenschaftlicher Informationsversorgung an der Universität Wien. Die Festschrift für Maria »Mia« Seissl erscheint anlässlich ihres runden Geburtstages sowie des 15-jährigen Jubiläums, das sie als Leiterin der Universitätsbibliothek feiert. Die Mitarbeiter_innen der Bibliothek, die sich in dem von Maria Seissl maßgeblich gestalteten Umfeld als »Menschen im Aufbruch« begreifen, beschreiben und analysieren in ihren Beiträgen die Entwicklung der Universitätsbibliothek Wien in einer Periode historischer Umbrüche: Zu Beginn des 21. Jahrhunderts galt es, den Wandel von einer staatlichen Institution zu einer universitären Dienstleistungseinrichtung zu gestalten. Gleichzeitig wurden auch die Herausforderungen des »digital turn« angenommen. The Vienna University Library is the knowledge hub of Vienna University. The festschrift for Maria "Mia" Seissl is published on the occasion of her significant birthday and her 15th anniversary as head librarian. In their contributions the staff members of the library describe and analyse the development of the Vienna University Library in a period of historical transitions: at the beginning of the 21st century the library had to be transformed from a public institution into an academic service institution. At the same time, they also had to deal with the challenges of the "digital turn". | ||
| 588 | 0 | _aDescription based on print version record. | |
| 590 | _aKU Open Services | ||
| 650 | 7 |
_aSocial Science / Media Studies _2bisacsh |
|
| 650 | 0 | _aSocial sciences | |
| 655 | 0 | _aElectronic books. | |
| 758 |
_iIs found in: _aKnowledge Unlatched _1https://openresearchlibrary.org/module/2774bc74-146a-484f-a7ba-ab1d6a09bbfb |
||
| 856 | 4 | 0 |
_uhttps://openresearchlibrary.org/content/2cc0a1ed-f684-4cb0-a849-4513fad627a7 _zView this content on Open Research Library. _70 |
| 999 |
_c33032 _d33032 |
||